| 000 | 00624nam a2200193Ia 4500 | ||
|---|---|---|---|
| 003 | GCL | ||
| 008 | 140319s9999 xx 000 0 ara d | ||
| 040 |
_aGCL / _cGCL |
||
| 082 | 0 | 4 |
_a251 _bع د |
| 100 | 1 | _aعبدالفتاح حسين الشيخ | |
| 245 | 1 | 0 |
_aدراسات فى اصول الفقة / _cعبدالفتاح حسين الشيخ |
| 300 | _a259 ص | ||
| 490 |
_aالهيئة العامة للاستعلامات _v0 |
||
| 650 | 0 | 4 | _aالاسلام |
| 650 | 0 | 4 | _aالشريعة الاسلامية |
| 650 | 0 | 4 | _aالفقه الاسلامى |
| 650 | 0 | 4 | _aاصول الفقه الاسلامى |
| 942 |
_2ddc _cBK |
||
| 999 |
_c51739 _d51739 |
||